[Event "Madrid 2022-2023 ch - Previa A"]
[Site "Madrid ESP"]
[Date "2023.02.08"]
[Round "3.16"]
[White "Sanchez Arriola, Ignacio"]
[Black "Sanchez Rodriguez, Jaime"]
[Result "1/2-1/2"]
[WhiteElo "1580"]
[BlackElo "1839"]
[PlyCount "165"]
[EventDate "2023.02.06"]
[EventType "swiss"]
[EventRounds "9"]
[EventCountry "ESP"]
[SourceTitle "Ajedrez en Madrid"]
[Source "lmi"]
[SourceDate "2023.02.06"]
[SourceVersion "1"]
[SourceVersionDate "2023.03.03"]
[SourceQuality "1"]

1. c4 f5 2. g3 e6 3. Bg2 Nf6 4. e3 d5 5. cxd5 exd5 6. Ne2 Bd6 7. Nbc3 c6 8. O-O
O-O 9. Qc2 Qe7 10. d3 Re8 11. Bd2 Bc5 12. Na4 Bd6 13. Nac3 Nbd7 14. a3 Nf8 15.
Rfe1 a6 16. Rac1 h6 17. Na4 N8d7 18. Nd4 g6 19. e4 fxe4 20. Bxh6 Qh7 21. Bd2
exd3 22. Rxe8+ Nxe8 23. Qxd3 Ne5 24. Qe2 Nf6 25. Nb6 Rb8 26. Nxc8 Rxc8 27. Bg5
Qf7 28. Bxf6 Qxf6 29. Bxd5+ Kh7 30. Bg2 Rf8 31. Rc2 Rf7 32. b4 Kg8 33. f4 Nd7
34. Qd3 Bc7 35. Kf1 Nf8 36. Nf3 Rd7 37. Qc4+ Kh7 38. Rc1 Bb6 39. Qc3 Rd1+ 40.
Ne1 Bd4 41. Qc2 Rxc1 42. Qxc1 Bb2 43. Qe3 Ne6 44. Nf3 Nc7 45. Ng5+ Kg7 46. Bf3
Bd4 47. Qe2 Nb5 48. Ne6+ Kf7 49. Nxd4 Qxd4 50. Qa2+ Kg7 51. Kg2 Nc3 52. Qc2 Nb5
53. a4 Nd6 54. Qc5 Qxc5 55. bxc5 Nc4 56. Kf2 Nb2 57. a5 Nd3+ 58. Ke3 Nxc5 59.
Kd4 Nb3+ 60. Kc3 Nxa5 61. Kb4 b6 62. Be2 Kf6 63. Bxa6 g5 64. fxg5+ Kxg5 65. h3
Kh5 66. Be2+ Kg5 67. Bd3 Nb7 68. Be2 Nd6 69. h4+ Kh6 70. g4 Ne4 71. Bf3 c5+ 72.
Kb5 Nd2 73. Bd5 Nf1 74. Kxb6 Ne3 75. g5+ Kh5 76. Kxc5 Kxh4 77. g6 Nf5 78. Be4
Nh6 79. Kd5 Kg5 80. Ke6 Ng8 81. Kf7 Nh6+ 82. Kg7 Ng4 83. Bb1 1/2-1/2

[Event "Madrid 2022-2023 ch - Previa A"]
[Site "Madrid ESP"]
[Date "2023.02.08"]
[Round "3.17"]
[White "Fernandez Garcia, Ignacio"]
[Black "Ramos Antona, Enrique"]
[Result "1-0"]
[WhiteElo "1824"]
[BlackElo "1565"]
[PlyCount "91"]
[EventDate "2023.02.06"]
[EventType "swiss"]
[EventRounds "9"]
[EventCountry "ESP"]
[SourceTitle "Ajedrez en Madrid"]
[Source "lmi"]
[SourceDate "2023.02.06"]
[SourceVersion "1"]
[SourceVersionDate "2023.03.03"]
[SourceQuality "1"]

1. e4 e5 2. Nf3 d6 3. Bc4 Be7 4. d4 exd4 5. Nxd4 Nf6 6. Nc3 O-O 7. h3 h6 8. Be3
c6 9. Bd3 Re8 10. g4 Nh7 11. Qd2 Bg5 12. O-O-O Bxe3 13. Qxe3 Nd7 14. f4 Nc5 15.
Be2 Qe7 16. Bf3 Nf6 17. Rhe1 Qc7 18. g5 Nd5 19. Nxd5 cxd5 20. gxh6 g6 21. f5
Kh7 22. Qg5 Qe7 23. fxg6+ fxg6 24. Qxe7+ Rxe7 25. exd5 Rxe1 26. Rxe1 Bxh3 27.
Re7+ Kxh6 28. b4 Nd7 29. Be4 Rc8 30. Nb5 Rc4 31. a3 Nf6 32. Nxd6 Nxe4 33. Rxe4
Rxe4 34. Nxe4 g5 35. c4 Bf5 36. Nd6 Bd7 37. Kd2 g4 38. Ke3 Kg5 39. Nxb7 Kh4 40.
Kf2 g3+ 41. Kg1 Kg5 42. c5 Kf6 43. c6 Bh3 44. b5 Ke5 45. d6 Kd5 46. d7 1-0

[Event "Madrid 2022-2023 ch - Previa A"]
[Site "Madrid ESP"]
[Date "2023.02.08"]
[Round "3.18"]
[White "Jimenez Manzano, Emiliano"]
[Black "Marin Lopez, Juan Jose"]
[Result "0-1"]
[WhiteElo "1551"]
[BlackElo "1780"]
[PlyCount "98"]
[EventDate "2023.02.06"]
[EventType "swiss"]
[EventRounds "9"]
[EventCountry "ESP"]
[SourceTitle "Ajedrez en Madrid"]
[Source "lmi"]
[SourceDate "2023.02.06"]
[SourceVersion "1"]
[SourceVersionDate "2023.03.03"]
[SourceQuality "1"]

1. d4 f5 2. f4 e6 3. Nf3 Nf6 4. e3 Be7 5. Be2 O-O 6. O-O b6 7. a4 c5 8. c3 Bb7
9. b3 h6 10. Ne5 Qe8 11. Nd2 d6 12. Nef3 Nd5 13. Nb1 Bf6 14. Ra2 Nd7 15. Bc4
Nc7 16. b4 Qe7 17. Na3 d5 18. Bb5 Nxb5 19. Nxb5 a6 20. Na3 cxb4 21. cxb4 Qxb4
22. Nc2 Qc3 23. Ra3 Qc7 24. Bd2 Rfc8 25. Rc3 Qd8 26. Rb3 Bc6 27. Ra3 Be7 28.
Ra2 Rc7 29. Nb4 Bb7 30. Nd3 Rac8 31. Qe2 Rc2 32. Raa1 a5 33. Rfb1 Ba6 34. Nfe1
R2c6 35. Qd1 Bd6 36. Ne5 Nxe5 37. fxe5 Be7 38. Nf3 Qe8 39. Rc1 Bc4 40. Be1 g5
41. Nd2 Ba6 42. Rxc6 Qxc6 43. Qh5 Kg7 44. h4 Qc3 45. Rb1 Qxe3+ 46. Bf2 Qxd2 47.
hxg5 hxg5 48. Rxb6 Qc1+ 49. Kh2 Rh8 0-1

[Event "Madrid 2022-2023 ch - Previa A"]
[Site "Madrid ESP"]
[Date "2023.02.08"]
[Round "3.19"]
[White "Arevillca Colque, Jonatan"]
[Black "Villodre Miranda, Juan Alonso"]
[Result "1-0"]
[WhiteElo "1765"]
[BlackElo "1503"]
[PlyCount "99"]
[EventDate "2023.02.06"]
[EventType "swiss"]
[EventRounds "9"]
[EventCountry "ESP"]
[SourceTitle "Ajedrez en Madrid"]
[Source "lmi"]
[SourceDate "2023.02.06"]
[SourceVersion "1"]
[SourceVersionDate "2023.03.03"]
[SourceQuality "1"]

1. e4 g6 2. d4 Bg7 3. Nc3 e6 4. Be3 Ne7 5. h4 h5 6. Nf3 d5 7. e5 a6 8. a4 b6 9.
Bd3 Nd7 10. Ng5 c5 11. Qf3 O-O 12. Qf4 cxd4 13. Bxd4 Qc7 14. Qe3 Bxe5 15. a5
Bxd4 16. Qxd4 Qe5+ 17. Qxe5 Nxe5 18. axb6 Nxd3+ 19. cxd3 Bb7 20. O-O Rfc8 21.
d4 Rc4 22. Rfd1 Bc6 23. Ra5 Rb4 24. Rd2 Rxb6 25. f4 Ra7 26. Nf3 Be8 27. Ne5 Nc6
28. Nxc6 Bxc6 29. Rc5 Bb5 30. Kf2 Bc4 31. Rc8+ Kg7 32. Na4 Rbb7 33. Nc5 Rc7 34.
Rb8 Kf6 35. b3 Bb5 36. Ra2 Ke7 37. Ke3 Kd6 38. Rb6+ Ke7 39. Kf3 Kf6 40. g4
hxg4+ 41. Kxg4 Re7 42. Rh2 Re8 43. Ra2 Raa8 44. Rb7 Rh8 45. Rb6 Rhb8 46. Raxa6
Rxb6 47. Rxa8 Be2+ 48. Kg3 Rb4 49. Ra4 Rb6 50. Nd7+ 1-0

[Event "Madrid 2022-2023 ch - Previa A"]
[Site "Madrid ESP"]
[Date "2023.02.08"]
[Round "3.20"]
[White "Metola Arias, Mario"]
[Black "Barahona Torrijos, Angel"]
[Result "1-0"]
[WhiteElo "1498"]
[BlackElo "1761"]
[PlyCount "51"]
[EventDate "2023.02.06"]
[EventType "swiss"]
[EventRounds "9"]
[EventCountry "ESP"]
[SourceTitle "Ajedrez en Madrid"]
[Source "lmi"]
[SourceDate "2023.02.06"]
[SourceVersion "1"]
[SourceVersionDate "2023.03.03"]
[SourceQuality "1"]

1. e4 e5 2. Nf3 Nc6 3. Bb5 Nd4 4. Nxd4 exd4 5. O-O c6 6. Bc4 Nf6 7. e5 d5 8.
exd6 Qxd6 9. Qf3 Be7 10. d3 Bg4 11. Qg3 Qd7 12. Re1 O-O 13. f3 Bf5 14. Bg5 h6
15. Bxh6 Nh5 16. Qe5 Bd6 17. Qe2 gxh6 18. g4 Nf4 19. Qf1 Bg6 20. Nd2 Rae8 21.
Ne4 Bb4 22. Nf6+ Kh8 23. Nxd7 Bxe1 24. Rxe1 Nh3+ 25. Qxh3 Rxe1+ 26. Kf2 1-0

[Event "Madrid 2022-2023 ch - Previa A"]
[Site "Madrid ESP"]
[Date "2023.02.08"]
[Round "3.22"]
[White "San Segundo Ortiz, Fernando"]
[Black "Moreno Sabroso, Ruben"]
[Result "1/2-1/2"]
[WhiteElo "1735"]
[BlackElo "1455"]
[PlyCount "117"]
[EventDate "2023.02.06"]
[EventType "swiss"]
[EventRounds "9"]
[EventCountry "ESP"]
[SourceTitle "Ajedrez en Madrid"]
[Source "lmi"]
[SourceDate "2023.02.06"]
[SourceVersion "1"]
[SourceVersionDate "2023.03.03"]
[SourceQuality "1"]

1. d4 Nf6 2. Nf3 g6 3. Nc3 Bg7 4. e4 d6 5. Be3 O-O 6. Qd2 e5 7. dxe5 dxe5 8.
O-O-O Qe7 9. Bh6 Nbd7 10. Bxg7 Kxg7 11. h3 Nc5 12. Qe3 c6 13. Nh2 Nh5 14. Ng4
f6 15. g3 Ne6 16. Bc4 Qc5 17. Qh6+ Kh8 18. Bb3 Nd4 19. Na4 Nxb3+ 20. axb3 Qe7
21. Rd2 Be6 22. Qe3 b6 23. Rhd1 Rad8 24. Qc3 c5 25. Qe3 Rd4 26. c3 Rxd2 27.
Rxd2 Bxb3 28. Nxc5 bxc5 29. c4 Bxc4 30. Rc2 Be6 31. Qa3 Rc8 32. Ne3 Ng7 33. Qa6
f5 34. Nd5 Qd7 35. Nf6 Qc7 36. Nd5 Bxd5 37. exd5 Rd8 38. Rd2 Qb6 39. Qe2 Qd6
40. Qb5 Rb8 41. Qc4 Ne8 42. Qa2 a6 43. h4 Nf6 44. f3 Rd8 45. Qb3 Qb8 46. Qc4
Qb5 47. Qc3 Qb8 48. Kb1 Rxd5 49. Re2 Qd6 50. Ka2 Rd4 51. Rc2 Nd7 52. Qa5 Qd5+
53. b3 Qc6 54. Qd8+ Kg7 55. Qe7+ Kg8 56. Qe8+ Kg7 57. Qe7+ Kh6 58. Qg5+ Kg7 59.
Qe7+ 1/2-1/2

[Event "Madrid 2022-2023 ch - Previa A"]
[Site "Madrid ESP"]
[Date "2023.02.08"]
[Round "3.23"]
[White "Boni De Aristizabal, Marco"]
[Black "Javaloyes Ruiz, Miguel"]
[Result "0-1"]
[WhiteElo "1723"]
[BlackElo "1432"]
[PlyCount "94"]
[EventDate "2023.02.06"]
[EventType "swiss"]
[EventRounds "9"]
[EventCountry "ESP"]
[SourceTitle "Ajedrez en Madrid"]
[Source "lmi"]
[SourceDate "2023.02.06"]
[SourceVersion "1"]
[SourceVersionDate "2023.03.03"]
[SourceQuality "1"]

1. e4 c6 2. d4 d5 3. e5 Bf5 4. h4 h6 5. Nf3 e6 6. Bd3 Bxd3 7. Qxd3 Nd7 8. Bd2
c5 9. c3 Ne7 10. g4 Nc6 11. a3 cxd4 12. cxd4 Qb6 13. Bc3 Na5 14. Nbd2 Be7 15.
Ke2 Nb3 16. Rag1 O-O-O 17. Qc2 Qb5+ 18. Ke1 Ndc5 19. dxc5 Nxc5 20. Bd4 Kb8 21.
Nb3 Rc8 22. Nxc5 Bxc5 23. Bxc5 Rxc5 24. Nd4 Qb6 25. Qd2 Rc4 26. Ne2 Rhc8 27.
Rh3 Rc2 28. Qb4 Rc1+ 29. Nxc1 Rxc1+ 30. Kd2 Qxb4+ 31. axb4 Rxg1 32. Rf3 Rxg4
33. Rxf7 Rxb4 34. Kc3 Re4 35. Re7 Rxh4 36. Rxg7 Re4 37. Rg6 Rxe5 38. Rxh6 Kc7
39. Kd4 Re4+ 40. Kd3 Kd6 41. Rh7 Rb4 42. Kc3 a5 43. Rh8 d4+ 44. Kc2 b5 45. Ra8
a4 46. Ra6+ Kd5 47. Ra8 e5 0-1

[Event "Madrid 2022-2023 ch - Previa A"]
[Site "Madrid ESP"]
[Date "2023.02.08"]
[Round "3.24"]
[White "Gomez Ramirez, Jorge"]
[Black "Lopez Heras, Arturo"]
[Result "0-1"]
[WhiteElo "1298"]
[BlackElo "1701"]
[PlyCount "100"]
[EventDate "2023.02.06"]
[EventType "swiss"]
[EventRounds "9"]
[EventCountry "ESP"]
[SourceTitle "Ajedrez en Madrid"]
[Source "lmi"]
[SourceDate "2023.02.06"]
[SourceVersion "1"]
[SourceVersionDate "2023.03.03"]
[SourceQuality "1"]

1. d4 d5 2. c4 e6 3. Nc3 Nf6 4. cxd5 exd5 5. Bg5 Be7 6. e3 O-O 7. Bd3 Nbd7 8.
Qc2 h6 9. Bh4 c6 10. Nf3 Re8 11. O-O Ne4 12. Nxe4 dxe4 13. Bxe4 Bxh4 14. Bd3
Be7 15. a3 Nf6 16. h3 Be6 17. Ne5 Bd6 18. Nf3 Bd5 19. Nd2 Qe7 20. Rfe1 Ne4 21.
Nf3 Qf6 22. Kf1 Rac8 23. Ne5 Bxe5 24. Bxe4 Bxe4 25. Qxe4 Bc7 26. Qc2 Qd6 27. g3
Qe6 28. h4 Qe4 29. Qd2 Qf3 30. Kg1 Re6 31. Qe2 Qxe2 32. Rxe2 Rce8 33. Rc1 f5
34. Kf1 f4 35. gxf4 Bxf4 36. Rcc2 Bd6 37. Rc3 Re4 38. f3 Rxh4 39. e4 Bf4 40.
Kg1 Re6 41. Rg2 Kf7 42. Rc5 Be3+ 43. Kf1 Bxd4 44. Rf5+ Rf6 45. Rxf6+ Bxf6 46.
b3 c5 47. Ke2 Rh1 48. Kd3 Rc1 49. Rc2 Rxc2 50. Kxc2 Ke6 0-1

[Event "Madrid 2022-2023 ch - Previa A"]
[Site "Madrid ESP"]
[Date "2023.02.08"]
[Round "3.25"]
[White "Cujba, Anca-Claudia"]
[Black "Casal Martin, Jose Manuel"]
[Result "1-0"]
[WhiteElo "1669"]
[BlackElo "1430"]
[PlyCount "68"]
[EventDate "2023.02.06"]
[EventType "swiss"]
[EventRounds "9"]
[EventCountry "ESP"]
[SourceTitle "Ajedrez en Madrid"]
[Source "lmi"]
[SourceDate "2023.02.06"]
[SourceVersion "1"]
[SourceVersionDate "2023.03.03"]
[SourceQuality "1"]

1. e4 e5 2. Nf3 Nc6 3. Nc3 Nf6 4. g3 d5 5. exd5 Nxd5 6. Bg2 Nxc3 7. bxc3 Bg4 8.
h3 Bh5 9. g4 Bg6 10. O-O Be7 11. Rb1 e4 12. Nh2 Rb8 13. Re1 O-O 14. a3 f5 15.
gxf5 Bxf5 16. Bxe4 Bxe4 17. Rxe4 Bh4 18. Nf3 Qd5 19. Qe2 Be7 20. Rb5 Qf7 21.
Ne5 Nxe5 22. Rexe5 Qg6+ 23. Qg4 Qxg4+ 24. hxg4 Bh4 25. Rf5 Rbe8 26. Kf1 g6 27.
Rxf8+ Rxf8 28. Rxb7 Bxf2 29. Ke2 Bb6 30. d4 h5 31. gxh5 gxh5 32. Bg5 Kg7 33. c4
Kg6 34. Rxc7 Bxd4 1-0

[Event "Madrid 2022-2023 ch - Previa A"]
[Site "Madrid ESP"]
[Date "2023.02.08"]
[Round "3.27"]
[White "Martin-Consuegra Barrilero, Francisco Javier"]
[Black "Gonzalez Bolado, David"]
[Result "1-0"]
[WhiteElo "1665"]
[BlackElo "1313"]
[PlyCount "83"]
[EventDate "2023.02.06"]
[EventType "swiss"]
[EventRounds "9"]
[EventCountry "ESP"]
[SourceTitle "Ajedrez en Madrid"]
[Source "lmi"]
[SourceDate "2023.02.06"]
[SourceVersion "1"]
[SourceVersionDate "2023.03.03"]
[SourceQuality "1"]

1. Nf3 Nf6 2. c4 g6 3. g3 Bg7 4. Bg2 O-O 5. O-O d5 6. cxd5 Nxd5 7. d3 c5 8.
Nbd2 Nc6 9. a3 a5 10. Ne4 b6 11. Qc2 Nd4 12. Nxd4 Bxd4 13. Nc3 e6 14. e3 Bg7
15. Rd1 Rb8 16. Rb1 Bb7 17. Ne2 Qe7 18. d4 Rfc8 19. dxc5 Rxc5 20. Qd3 Nf6 21.
Qd6 Qxd6 22. Rxd6 Bxg2 23. Kxg2 Rc2 24. Nc3 Ng4 25. Rd2 Rxd2 26. Bxd2 Rd8 27.
Be1 Ne5 28. Rd1 Rxd1 29. Nxd1 Nd3 30. Bc3 Bxc3 31. bxc3 Ne1+ 32. Kf1 Nc2 33. a4
Na3 34. Ke2 b5 35. Nb2 Nc4 36. axb5 Nb6 37. Kd3 a4 38. Nc4 Nd5 39. b6 Ne7 40.
Na5 a3 41. Kc2 a2 42. Kb2 1-0

[Event "Madrid 2022-2023 ch - Previa A"]
[Site "Madrid ESP"]
[Date "2023.02.08"]
[Round "3.29"]
[White "Calle Trueba, Jose Antonio"]
[Black "Garcia Galeote, Lorenzo"]
[Result "0-1"]
[WhiteElo "1335"]
[BlackElo "1900"]
[PlyCount "58"]
[EventDate "2023.02.06"]
[EventType "swiss"]
[EventRounds "9"]
[EventCountry "ESP"]
[SourceTitle "Ajedrez en Madrid"]
[Source "lmi"]
[SourceDate "2023.02.06"]
[SourceVersion "1"]
[SourceVersionDate "2023.03.03"]
[SourceQuality "1"]

1. c4 e5 2. g3 g6 3. Nc3 Bg7 4. Bg2 Ne7 5. d3 O-O 6. Nf3 Nbc6 7. O-O d6 8. Rb1
Nf5 9. b4 Nfd4 10. Nxd4 Nxd4 11. Nb5 Ne6 12. a4 c6 13. Na3 Bd7 14. b5 Qc7 15.
Be3 a6 16. b6 Qd8 17. a5 f5 18. f4 exf4 19. Bxf4 Nxf4 20. Rxf4 Qe7 21. Nc2 Rae8
22. e4 g5 23. Rf1 f4 24. gxf4 gxf4 25. Qf3 Qg5 26. Kh1 Bg4 27. Qf2 f3 28. Bh3
Bxh3 29. Rg1 Bg2+ 0-1

[Event "Madrid 2022-2023 ch - Previa A"]
[Site "Madrid ESP"]
[Date "2023.02.08"]
[Round "3.30"]
[White "Rubio Rivera, Felix"]
[Black "Soofi Alizadeh, Arash"]
[Result "1-0"]
[WhiteElo "1476"]
[BlackElo "1161"]
[PlyCount "51"]
[EventDate "2023.02.06"]
[EventType "swiss"]
[EventRounds "9"]
[EventCountry "ESP"]
[SourceTitle "Ajedrez en Madrid"]
[Source "lmi"]
[SourceDate "2023.02.06"]
[SourceVersion "1"]
[SourceVersionDate "2023.03.03"]
[SourceQuality "1"]

1. d4 e6 2. c4 Nf6 3. Nf3 Be7 4. g3 O-O 5. Bg2 d5 6. O-O Nbd7 7. Nbd2 c5 8. e3
b6 9. cxd5 exd5 10. Qa4 cxd4 11. exd4 a6 12. Qc6 Ra7 13. Re1 b5 14. Qc2 Nb6 15.
Nb3 Rc7 16. Nc5 Ne4 17. Bf4 Rc6 18. Ne5 Rf6 19. Nxe4 dxe4 20. Bxe4 g6 21. Nc6
Qd7 22. Nxe7+ Qxe7 23. Bg5 Rxf2 24. Bxe7 Rxc2 25. Bxc2 Re8 26. Bc5 1-0

[Event "Madrid 2022-2023 ch - Previa A"]
[Site "Madrid ESP"]
[Date "2023.02.08"]
[Round "3.32"]
[White "Martin Martin, Luis Vicente"]
[Black "Lopez Manso, Jeronimo"]
[Result "1-0"]
[WhiteElo "1900"]
[BlackElo "1422"]
[PlyCount "41"]
[EventDate "2023.02.06"]
[EventType "swiss"]
[EventRounds "9"]
[EventCountry "ESP"]
[SourceTitle "Ajedrez en Madrid"]
[Source "lmi"]
[SourceDate "2023.02.06"]
[SourceVersion "1"]
[SourceVersionDate "2023.03.03"]
[SourceQuality "1"]

1. e4 Nf6 2. e5 Nd5 3. d4 d6 4. Nf3 Bg4 5. h3 Bh5 6. c4 Nb6 7. g4 Bg6 8. e6
fxe6 9. Bd3 Nc6 10. Bxg6+ hxg6 11. Qd3 Kd7 12. Be3 Qe8 13. Ng5 Nb4 14. Qb3 e5
15. Qxb4 e6 16. dxe5 d5 17. c5 Rd8 18. Qf4 Nc4 19. Bd4 Be7 20. Qf7 Rf8 21.
Qxe6# 1-0

[Event "Madrid 2022-2023 ch - Previa A"]
[Site "Madrid ESP"]
[Date "2023.02.08"]
[Round "3.33"]
[White "Carrera Cabaneros, Francisco"]
[Black "De la Villa Ramos, Maria"]
[Result "1-0"]
[WhiteElo "1757"]
[BlackElo "1421"]
[PlyCount "99"]
[EventDate "2023.02.06"]
[EventType "swiss"]
[EventRounds "9"]
[EventCountry "ESP"]
[SourceTitle "Ajedrez en Madrid"]
[Source "lmi"]
[SourceDate "2023.02.06"]
[SourceVersion "1"]
[SourceVersionDate "2023.03.03"]
[SourceQuality "1"]

1. d4 f5 2. g3 e6 3. Bg2 Nf6 4. c4 d6 5. Nc3 Nbd7 6. e3 c5 7. Nge2 Be7 8. O-O
Nb6 9. b3 O-O 10. Ba3 a6 11. Qc2 e5 12. dxe5 dxe5 13. Rad1 Qc7 14. Rd2 Be6 15.
Rfd1 Qc8 16. Nd5 Nfxd5 17. cxd5 Bf7 18. d6 Bd8 19. d7 Qc7 20. Qxc5 Qxc5 21.
Bxc5 Be6 22. Bxf8 Kxf8 23. Bxb7 Ra7 24. Bc8 Ke7 25. Nc3 Rc7 26. Na4 Nxd7 27.
Bxd7 Bxd7 28. Nc5 Bc8 29. Nxa6 Bxa6 30. Rxd8 Be2 31. R8d2 Bxd1 32. Rxd1 Rc2 33.
Ra1 Rb2 34. Kg2 Kd6 35. h3 Kd5 36. g4 Ke4 37. gxf5 Kxf5 38. Kf3 e4+ 39. Kg3 h5
40. h4 g5 41. hxg5 Kxg5 42. a4 h4+ 43. Kh3 Rxf2 44. a5 Rf3+ 45. Kh2 Kg4 46.
Rg1+ Kh5 47. a6 h3 48. a7 Kh4 49. a8=Q Rf2+ 50. Kh1 1-0

[Event "Madrid 2022-2023 ch - Previa A"]
[Site "Madrid ESP"]
[Date "2023.02.08"]
[Round "3.34"]
[White "Fernandez Rios, Jose Francisco"]
[Black "Melero Fernandez, Jose M"]
[Result "0-1"]
[WhiteElo "1680"]
[BlackElo "1334"]
[PlyCount "128"]
[EventDate "2023.02.06"]
[EventType "swiss"]
[EventRounds "9"]
[EventCountry "ESP"]
[SourceTitle "Ajedrez en Madrid"]
[Source "lmi"]
[SourceDate "2023.02.06"]
[SourceVersion "1"]
[SourceVersionDate "2023.03.03"]
[SourceQuality "1"]

1. d4 Nf6 2. c4 g6 3. Nc3 Bg7 4. e4 d6 5. Be2 O-O 6. Nf3 Bg4 7. Be3 Nfd7 8. h3
Bxf3 9. Bxf3 Nc6 10. d5 Bxc3+ 11. bxc3 Na5 12. Be2 e5 13. O-O Nb6 14. c5 Nbc4
15. Bh6 Re8 16. Qa4 Qh4 17. Bxc4 Nxc4 18. Qxc4 Qxh6 19. cxd6 cxd6 20. Qb4 Red8
21. Qxb7 Qf4 22. Rfe1 Qd2 23. Re3 Rab8 24. Qxa7 Rb2 25. Rf3 Rf8 26. a4 Rb3 27.
Qe3 Qb2 28. Qc1 Qe2 29. Re3 Qc4 30. Qf1 Qc5 31. Qc1 Rc8 32. Qc2 Rb4 33. Rb1 Rc4
34. Ra1 Qa5 35. Ra3 Rd4 36. Qb2 Rdc4 37. Qb5 Qc7 38. Qb2 Rb8 39. Qa2 Ra8 40. a5
Ra6 41. Kf1 Rc5 42. f3 Rcxa5 43. Rxa5 Rxa5 44. Qb2 Qc4+ 45. Re2 Rb5 46. Qa2
Qxc3 47. Qc2 Qd4 48. Rd2 Qa1+ 49. Rd1 Qa6 50. Kg1 Qb6+ 51. Kh2 Rb2 52. Qc8+ Kg7
53. Qg4 h5 54. Qg3 Rc2 55. Rg1 Qe3 56. h4 Rb2 57. Qg5 Qxf3 58. Qe7 Qf4+ 59. Kh3
Rb3+ 60. g3 Qg4+ 61. Kh2 Rb2+ 62. Rg2 Rxg2+ 63. Kxg2 Qxe4+ 64. Kh2 Qxd5 0-1

[Event "Madrid 2022-2023 ch - Previa A"]
[Site "Madrid ESP"]
[Date "2023.02.08"]
[Round "3.35"]
[White "Morales Clares, Aaron"]
[Black "Hortelano Hap, Ramon"]
[Result "0-1"]
[WhiteElo "1324"]
[BlackElo "1544"]
[PlyCount "56"]
[EventDate "2023.02.06"]
[EventType "swiss"]
[EventRounds "9"]
[EventCountry "ESP"]
[SourceTitle "Ajedrez en Madrid"]
[Source "lmi"]
[SourceDate "2023.02.06"]
[SourceVersion "1"]
[SourceVersionDate "2023.03.03"]
[SourceQuality "1"]

1. e4 c5 2. c3 Nf6 3. e5 Nd5 4. d4 cxd4 5. cxd4 e6 6. Nf3 Be7 7. Bc4 Nb6 8. Bb5
O-O 9. O-O d6 10. Be3 Bd7 11. Bd3 Bc6 12. Nbd2 N8d7 13. exd6 Bxd6 14. Bb1 h6
15. Ne4 Be7 16. Qd3 f5 17. Ned2 Nf6 18. Bf4 Qd5 19. a3 Bb5 20. Qe3 Bxf1 21.
Kxf1 Nc4 22. Nxc4 Qxc4+ 23. Bd3 Qd5 24. Ne5 Ng4 25. Nxg4 fxg4 26. Bg6 Bg5 27.
Bxg5 hxg5 28. h3 Rf6 0-1

[Event "Madrid 2022-2023 ch - Previa A"]
[Site "Madrid ESP"]
[Date "2023.02.08"]
[Round "3.36"]
[White "Becerra Baigorri, Jose"]
[Black "Moreno Gonzalez, Alvaro"]
[Result "1-0"]
[WhiteElo "1539"]
[BlackElo "1306"]
[PlyCount "84"]
[EventDate "2023.02.06"]
[EventType "swiss"]
[EventRounds "9"]
[EventCountry "ESP"]
[SourceTitle "Ajedrez en Madrid"]
[Source "lmi"]
[SourceDate "2023.02.06"]
[SourceVersion "1"]
[SourceVersionDate "2023.03.03"]
[SourceQuality "1"]

1. e4 c5 2. Nf3 d6 3. d4 cxd4 4. Nxd4 Nf6 5. Nc3 a6 6. Bg5 e5 7. Nf3 Be7 8. Be2
b5 9. O-O Bb7 10. Bxf6 Bxf6 11. Nd5 Nd7 12. Qd2 Nb6 13. Nxf6+ Qxf6 14. Bd3 O-O
15. Rad1 Rfd8 16. Qe3 Rac8 17. Qxb6 Rd7 18. Qe3 h6 19. c3 Qe6 20. Bb1 f6 21.
Nh4 Rcd8 22. Rd2 d5 23. exd5 Rxd5 24. Rxd5 Qxd5 25. Nf3 Qc4 26. b3 Qg4 27. h3
Qh5 28. Be4 Bxe4 29. Qxe4 Qf7 30. Qc6 Qa7 31. c4 bxc4 32. Qxc4+ Kh8 33. Rc1 Rd7
34. b4 Kh7 35. a4 Qb8 36. b5 axb5 37. axb5 Qb7 38. Qc6 Qa7 39. b6 Qa3 40. Qe4+
Kh8 41. Rb1 Qd6 42. b7 Qb8 1-0

[Event "Madrid 2022-2023 ch - Previa A"]
[Site "Madrid ESP"]
[Date "2023.02.08"]
[Round "3.37"]
[White "Gomez Prieto, Alonso"]
[Black "Martinez Miura, Enrique"]
[Result "0-1"]
[WhiteElo "1308"]
[BlackElo "1494"]
[PlyCount "58"]
[EventDate "2023.02.06"]
[EventType "swiss"]
[EventRounds "9"]
[EventCountry "ESP"]
[SourceTitle "Ajedrez en Madrid"]
[Source "lmi"]
[SourceDate "2023.02.06"]
[SourceVersion "1"]
[SourceVersionDate "2023.03.03"]
[SourceQuality "1"]

1. e4 e6 2. d4 d5 3. exd5 exd5 4. Nc3 Nf6 5. Bg5 c6 6. Nf3 Bd6 7. Bd3 O-O 8.
Qd2 Re8+ 9. Ne2 h6 10. Bh4 Nbd7 11. O-O Qb6 12. c3 Ne4 13. Qc2 Nf8 14. Ng3 Nxg3
15. Bxg3 Bxg3 16. fxg3 Bd7 17. Ne5 Rxe5 18. Qf2 Re7 19. Rae1 Rae8 20. Re5 f6
21. Rh5 Bg4 22. Rh4 Be2 23. Bxe2 Rxe2 24. Qf5 Qxb2 25. Qg4 Rxg2+ 26. Kh1 Qe2
27. Rxf6 Qxg4 28. Rxg4 Rxa2 29. Rxh6 Re1# 0-1

[Event "Madrid 2022-2023 ch - Previa A"]
[Site "Madrid ESP"]
[Date "2023.02.08"]
[Round "3.38"]
[White "Reina Cascos, Antonio"]
[Black "Lopez Del Moral Lopez de, Rafael"]
[Result "1/2-1/2"]
[WhiteElo "1179"]
[BlackElo "1480"]
[PlyCount "74"]
[EventDate "2023.02.06"]
[EventType "swiss"]
[EventRounds "9"]
[EventCountry "ESP"]
[SourceTitle "Ajedrez en Madrid"]
[Source "lmi"]
[SourceDate "2023.02.06"]
[SourceVersion "1"]
[SourceVersionDate "2023.03.03"]
[SourceQuality "1"]

1. d4 d5 2. Nf3 Nf6 3. e3 Bf5 4. Bd3 e6 5. Bxf5 exf5 6. Qd3 Ne4 7. O-O c6 8. c4
Bd6 9. Nc3 O-O 10. cxd5 cxd5 11. Nxd5 Bxh2+ 12. Kxh2 Qxd5 13. Kg1 Nd7 14. Rd1
Rfd8 15. b3 Rac8 16. Bb2 Rc6 17. Rac1 Rg6 18. Qc4 Qc6 19. Qxc6 bxc6 20. Ne5
Nxe5 21. dxe5 Ra8 22. Rd7 h5 23. Rc7 Rd8 24. Bd4 c5 25. Bxc5 Rd2 26. Rf1 h4 27.
Kh2 Nxf2 28. e4 Ng4+ 29. Kh3 Nh2 30. Rf2 Rxf2 31. Bxf2 Ng4 32. Bxa7 fxe4 33.
Bd4 e3 34. Rc1 Nf2+ 35. Kh2 Ng4+ 36. Kh3 Nf2+ 37. Kh2 Ng4+ 1/2-1/2

[Event "Madrid 2022-2023 ch - Previa A"]
[Site "Madrid ESP"]
[Date "2023.02.08"]
[Round "3.39"]
[White "Menendez Domens, Juan Manuel"]
[Black "Cobos Ramos, Antonio"]
[Result "1-0"]
[WhiteElo "1440"]
[BlackElo "1163"]
[PlyCount "53"]
[EventDate "2023.02.06"]
[EventType "swiss"]
[EventRounds "9"]
[EventCountry "ESP"]
[SourceTitle "Ajedrez en Madrid"]
[Source "lmi"]
[SourceDate "2023.02.06"]
[SourceVersion "1"]
[SourceVersionDate "2023.03.03"]
[SourceQuality "1"]

1. d4 d5 2. Nf3 Nc6 3. e3 a6 4. Bd3 Nf6 5. O-O Bg4 6. Nbd2 Nb4 7. Be2 Bf5 8.
Ne1 Qd6 9. c3 Nc6 10. Nef3 Ne4 11. Nh4 Bg6 12. Bg4 e6 13. f4 O-O-O 14. Ndf3 h5
15. Bh3 Ne7 16. Ne5 Nc6 17. Nhxg6 Nxe5 18. fxe5 Qd7 19. Nxh8 Ng5 20. Qxh5 Nxh3+
21. Qxh3 f6 22. exf6 gxf6 23. Rxf6 Bg7 24. Rf7 Rxh8 25. Rxd7 Rxh3 26. Rxc7+
Kxc7 27. gxh3 1-0